| 000 | 00736 a2200169 4500 | ||
|---|---|---|---|
| 003 | Nust | ||
| 005 | 20170207165831.0 | ||
| 020 | _a9783642539176 | ||
| 040 | _cNust | ||
| 082 | _a005.133 | ||
| 100 | _aMotoda, Hiroshi | ||
| 245 |
_aAdvanced data mining and applications: 9th international conference, ADMA 2013 Hangzhou, China, December 14-16, 2013 Proceedings, Part II _cHiroshi Motoda, Zhaohui Wu, Longbing Cao. |
||
| 260 |
_aNew York _bSpringer _c2013 |
||
| 300 | _a556 p. | ||
| 505 | _aSemi-supervised Clustering Ensemble Evolved by Genetic Algorithm for Web Video Categorization (1), A Scalable Approach for General Correlation Clustering (13) Association Rule Mining (95) Pattern Mining (120) Regression (133) | ||
| 650 | _aData mining | ||
| 942 |
_2ddc _cBK |
||
| 999 |
_c213320 _d213320 |
||